LEADER 00960nam a2200253 a 4500 001 000000144704 003 CaOOAMICUS 005 20150708124026.0 008 150708s1997 it af u000 u ita r 020 $a88-399-2786-7 040 $aPUL$bita 100 1 $aCabra, Pier Giordano.$0(OLS)http://pul/name/3729 245 10$aPiamarta /$cPier Giordano Cabra. 260 $aBrescia :$bQueriniana,$c©1997. 300 $a314 p., [8] c. di tav. :$bill. ;$c21 cm 504 $aBibliografia in nota. 600 04$aIohannes Baptista Piamarta,$cb.,$d1841-1913.$0(OLS)http://pul/subject/41899 850 $aPUL 852 $aPUL$W1$xDP1 Fondo S. Lanza$y121$m3 I 65$j167071$qFondi$B167655$CPULBib$Z2$F167655 $HLan1615 $82 941 1 $a1 996 $6020$a88-399-2786-7$9(OLS)http://pul/number/158235 996 $6245$aPiamarta$9(OLS)http://pul/title/183040 996 $6260$aBrescia :$bQueriniana$9(OLS)http://pul/publisher/47906 LEADER 01518nam a2200337 a 4500 001 000000171836 003 CaOOAMICUS 005 20190503110900.0 006 a 000 u 008 190503s2019 it u000 u ita r 020 $a978-88-3271-135-6* 032 $aLibriCat 040 $aPUL$bita 245 00$aStare nella Chiesa : $bpartecipazione, famiglia e chiesa locale /$cPino Scabini ; a cura di Nicola Ciola ; prefazione di Gualtiero Sigismondi ; postfazione di Antonio Mastantuono. 260 $a[Roma] :$bA.V.E.,$c2019. 300 $a143 p.;$c19 cm 490 1 $aPresenza pastorale$a 504 $aBibliografia in nota a pič pagina. 600 14$aScabini, Pino,$d1926-$0(OLS)http://pul/subject/18695 700 1 $aScabini, Pino,$d1926-2009.$0(OLS)http://pul/name/30480 700 1 $aMastantuono, Antonio.$0(OLS)http://pul/name/5882 700 1 $aSigismondi, Gualtiero.$0(OLS)http://pul/name/95038 700 1 $aCiola, Nicola,$csacerdote,$d1952-$0(OLS)http://pul/name/1596 830 0$aPresenza pastorale (AVE).$0(OLS)http://pul/title/40868 850 $aPUL 852 $aPUL$W1$xSL Religione 3$y85$m261. 8 CIONI 1$j195675$qDDC 21$B200524$CPULBib$Z2$F200524 $H132672 $82 941 1 $a9 996 $6020$a978-88-3271-135-6*$9(OLS)http://pul/number/166015 996 $6245$aStare nella Chiesa : $bpartecipazione, famiglia e chiesa locale$9(OLS)http://pul/title/212690 996 $6260$a[Roma] :$bA.V.E.$9(OLS)http://pul/publisher/60185